Diseño y construcción de una máquina escaladora

Uloženo v:
Podrobná bibliografie
Hlavní autor: Alpízar Rodríguez, Mainor
Další autoři: Gutiérrez Vásquez, José Alberto, Huezo García, Gabriel, Montero Sánchez, Edwin
Médium: Kniha
Jazyk:Undetermined
Vydáno: San José, Costa Rica 1992
Témata:
Tagy: Přidat tag
Žádné tagy, Buďte první, kdo vytvoří štítek k tomuto záznamu!

MARC

LEADER 00000nam a2200000Ia 4500
003 006006
005 20221231144317.0
008 140114s9999 xx 000 0 und d
040 |c cru CEDI 
090 |a TFG 2711 
100 |a Alpízar Rodríguez, Mainor  |9 12124 
245 |a Diseño y construcción de una máquina escaladora  
260 |c 1992  |a San José, Costa Rica 
300 |a  x, [155] hojas : ilustraciones ; 28 cm.  
500 |a Seminario de graduación (licenciatura en ingeniería mecánica)--Universidad de Costa Rica. Facultad de Ingeniería. Escuela de Ingeniería Mecánica 
650 |x DISEÑO DE MAQUINAS  |9 12128 
700 |9 12125  |a Gutiérrez Vásquez, José Alberto 
700 |9 12126  |a Huezo García, Gabriel 
700 |9 12127  |a Montero Sánchez, Edwin 
942 |c TFG 
999 |c 19954  |d 19954